000
nam a22 7a 4500
999
_c
329238
_d
329238
003
Nust
005
20170427193656.0
008
170427b xxu||||| |||| 00| 0 eng d
040
_c
DLC
082
_a
891.421 SHA
100
_a
شاہ،سید محمد ہاشم
245
_a
سسی پنوں
260
_a
Lahore :
_b
Book Home,
300
_a
160p. :
942
_2
ddc
_c
BK